Deliciosos postres para toda ocasión. (Registro nro. 437086)

Detalles MARC
000 -LÍDER
Campo fijo de descripción fija 00577nam a22002177a 4500
003 - IDENTIFICADOR DEL NÚMERO DE CONTROL
Campo de control BCEG
005 - FECHA Y HORA DE LA ULTIMA TRANSACCIÓN
control field 20260303111010.0
008 - ELEMENTOS DE LONGITUD FIJA -- INFORMACIÓN GENERAL
Campo fijo de descripción fija -- Información general 260303s2009 mx|||||| |||| 00| 0 spa d
020 ## - ISBN
Isbn 9786070016950
040 ## - FUENTE DE CATALOGACIÓN
Agencia de catalogación original BCEG
Idioma de catalogación spa
Agencia que realiza la transcripción BCEG
082 04 - NÚMERO DE CLASIFICACIÓN DECIMAL DEWEY
Número de clasificación 641.86
Clave de autor-Numero de item C397d
100 1# - ASIENTO PRINCIPAL--NOMBRE PERSONAL
Nombre del autor personal Centeno Canal, Ma. Esther.
245 1# - TÍTULO PROPIAMENTE DICHO
Título Deliciosos postres para toda ocasión.
260 ## - PUBLICACIÓN, DISTRIBUCIÓN, ETC. (PIE DE IMPRENTA)
Lugar de publicación, distribución, etc. México :
Nombre del editor, distribuidor, etc. Delfín,
Fecha de publicación, distribución, etc. 2009.
300 ## - DESCRIPCIÓN FÍSICA
Extensión 94 p.
Otros detalles físicos : il.
490 ## - MENCIÓN DE SERIE
Mención de serie Más Lectores.
541 ## - NOTA DE FUENTE INMEDIATA DE ADQUISICIÓN
Nota de fuente de adquisición Donación.
650 14 - ASIENTO SECUNDARIO DE MATERIA - TERMINO TEMÁTICO
Término temático o nombre geográfico como elemento de entrada Postres
Subdivisión de forma Recetas.
650 14 - ASIENTO SECUNDARIO DE MATERIA - TERMINO TEMÁTICO
Término temático o nombre geográfico como elemento de entrada Repostería
Subdivisión de forma Recetas de cocina.
942 ## - TIPO DE MATERIAL (KOHA)
Tipo de Item KOHA Libro
Existencias
No para Préstamo Colección Biblioteca de Origen Biblioteca Permanente Fecha de Adquisición Fuente de Adquisicion Total de Préstamos Signatura Topográfica Código de Barras Última vez visto Tipo de Material
Material en Reserva General Biblioteca Central Estatal de Guanajuato, "Wigberto Jiménez Moreno" Biblioteca Central Estatal de Guanajuato, "Wigberto Jiménez Moreno" 03/03/2026 DONAD   641.86 C397d BCEG8655230969 03/03/2026 Libro